| 000 | 00462nam a2200181Ia 4500 | ||
|---|---|---|---|
| 001 | 17482 | ||
| 005 | 20260306171520.0 | ||
| 008 | 260306s9999||||xx |||||||||||||| ||und|| | ||
| 041 | _aESP | ||
| 082 |
_a658 _bO47 |
||
| 100 |
_aOllé, Montserrat _eAUT |
||
| 245 | 0 |
_aEl plan de empresa: _bcómo planificar la creación de una empresa |
|
| 260 | _c1998 | ||
| 300 |
_axv, 166 páginas : _c24 cm. |
||
| 650 | _aGEN | ||
| 654 | _aCAN | ||
| 942 |
_cLIB _dJUS _fJUS _2ddc _n |
||
| 999 |
_c17482 _d17482 |
||